Why go international (Record no. 548311)

MARC details
000 -LEADER
fixed length control field 00757nam a2200229Ia 4500
003 - CONTROL NUMBER IDENTIFIER
control field OSt
005 - DATE AND TIME OF LATEST TRANSACTION
control field 20220925204008.0
008 - FIXED-LENGTH DATA ELEMENTS--GENERAL INFORMATION
fixed length control field 220923b |||||||| |||| 00| 0 eng d
037 ## - SOURCE OF ACQUISITION
Terms of availability General Book
040 ## - CATALOGING SOURCE
Original cataloging agency RTL
Transcribing agency RTL
Language of cataloging eng
041 ## - LANGUAGE CODE
Source of code eng
Language code of text/sound track or separate title eng
100 ## - MAIN ENTRY--PERSONAL NAME
Personal name Berger Walter Ed.
9 (RLIN) 267526
245 #0 - TITLE STATEMENT
Title Why go international
Remainder of title Lectures, input papers and w
260 ## - PUBLICATION, DISTRIBUTION, ETC.
Place of publication, distribution, etc. Frankfurt
Name of publisher, distributor, etc. Fritz Knapp Verlag
Date of publication, distribution, etc. 1983
300 ## - PHYSICAL DESCRIPTION
Extent 327p
Dimensions cm.
490 ## - SERIES STATEMENT
Series statement International Banking Seminar of AIESEC 7. International Association of Students in Business, Economics and Commerce
942 ## - ADDED ENTRY ELEMENTS (KOHA)
Classification part XM,62.5.N7, M3
Koha item type General Books
Source of classification or shelving scheme Colon Classification (CC)
Holdings
Withdrawn status Lost status Damaged status Not for loan Home library Current library Date acquired Total Checkouts Full call number Barcode Date last seen Price effective from Koha item type
        Ratan Tata Library Ratan Tata Library 2022-09-25   XM,62.5.N7 M3 RT0835561 2022-09-25 2022-09-25 General Books
Copyright @ Delhi University Library System